00265nam a2200097Ia 4500082001900000245005400019100002700073942000700100008004100107999001900148 a371.12968 KILL 0aTeaching strategies for outcomes-based education  a KILLEN, Roy 9108046 cBK210825s9999 xx 000 0 und d c546889d546888